000 00642nam a2200241Ia 4500
003 OSt
005 20220926015137.0
006 a|||||r|||| 00| 0
007 ta
008 220923b |||||||| |||| 00| 0 eng d
020 _a9780199227211
037 _cGeneral Book
040 _aRTL
_cRTL
_beng
041 _2eng
_aeng
082 _aX:72, P7/TD
100 _aMaddison Angus
_917299
245 0 _aContours of the world economy 1-2030AD
260 _aNew York
_bOxford
_c2007
300 _axii, 418p
_ccm.
650 _aEconomics
942 _hX:72, P7/TD
_cGB
_2CC
999 _c630666
_d630666